[Event "Bystre op 2nd"]
[Site "Bystre"]
[Date "2022.07.21"]
[Round "5"]
[White "Kasperek, Ryszard"]
[Black "Janzer, Hubert"]
[Result "1-0"]
[WhiteElo "2058"]
[BlackElo "1839"]
[PlyCount "85"]
[EventDate "2022.07.17"]
[EventType "swiss"]
[EventRounds "9"]
[EventCountry "POL"]
[SourceTitle "CBM 209 Extra"]
[Source "ChessBase"]
[SourceDate "2022.09.30"]
[SourceVersion "1"]
[SourceVersionDate "2022.09.30"]
[SourceQuality "1"]

1. e4 c5 2. Nf3 Nc6 3. Bb5 a6 4. Bxc6 bxc6 5. 0-0 d5 6. Nc3 Bg4 7. d3 e6 8. h3 Bxf3 9. Qxf3 Bd6 10. Qg4 Qf6 11. Re1 Ne7 12. e5 Bxe5 13. Bg5 Bxc3 14. Bxf6 Bxf6 15. c3 0-0 16. Qf4 Rab8 17. Re2 e5 18. Qa4 Rb6 19. Qa3 Rb5 20. Qxa6 Rfb8 21. c4 Rb4 22. Rae1 e4 23. dxe4 d4 24. e5 Bg5 25. Rd1 Ng6 26. b3 Nf4 27. Re4 R4b6 28. Qa5 Ne6 29. g3 Bd8 30. Qa3 Ng5 31. Re2 Nxh3+ 32. Kg2 Ng5 33. f4 Ne6 34. f5 d3 35. Rxd3 Nd4 36. Rf2 Rb4 37. Qa7 R4b6 38. Qd7 Bg5 39. e6 fxe6 40. fxe6 R6b7 41. Rxd4 Rxd7 42. Rxd7 Re8 43. Re2 1-0

[Event "Subcarpathian-chT"]
[Site "Bystre"]
[Date "2021.06.11"]
[Round "5.15"]
[White "Kopacz, Lukasz"]
[Black "Janzer, Hubert"]
[Result "1-0"]
[WhiteElo "1885"]
[BlackElo "1874"]
[PlyCount "75"]
[EventDate "2021.06.09"]
[EventType "team-tourn"]
[EventRounds "9"]
[EventCountry "POL"]
[SourceTitle "EXT 2022"]
[Source "ChessBase"]
[SourceDate "2021.10.06"]
[SourceVersion "1"]
[SourceVersionDate "2021.10.06"]
[SourceQuality "1"]

1. c4 c5 2. Nc3 Nc6 3. g3 g6 4. Bg2 Bg7 5. d3 Nf6 6. e3 0-0 7. Nge2 d6 8. 0-0 Bd7 9. h3 a6 10. b3 Rb8 11. Bb2 b5 12. Kh2 bxc4 13. dxc4 Ne5 14. Qc2 Bc6 15. Nd5 Bxd5 16. cxd5 Ned7 17. e4 Qc7 18. Rac1 Rfc8 19. f4 c4 20. Nd4 Nb6 21. Nc6 cxb3 22. axb3 Qb7 23. Qd2 Ra8 24. Bd4 Rc7 25. Qa5 Nc8 26. Rc4 Rd7 27. e5 dxe5 28. fxe5 Ne8 29. Rb4 Qc7 30. Qc5 a5 31. Rc4 Ra6 32. Rc2 a4 33. b4 Ra8 34. Rcf2 f6 35. exf6 exf6 36. b5 Qd6 37. Re2 Kf7 38. Ne5+ 1-0

[Event "Subcarpathian-chT"]
[Site "Bystre"]
[Date "2021.06.10"]
[Round "2.27"]
[White "Janzer, Hubert"]
[Black "Skladanowski, Adam"]
[Result "1-0"]
[WhiteElo "1874"]
[BlackElo "1825"]
[PlyCount "97"]
[EventDate "2021.06.09"]
[EventType "team-tourn"]
[EventRounds "9"]
[EventCountry "POL"]
[SourceTitle "EXT 2022"]
[Source "ChessBase"]
[SourceDate "2021.10.06"]
[SourceVersion "1"]
[SourceVersionDate "2021.10.06"]
[SourceQuality "1"]

1. e4 e6 2. Nf3 d5 3. e5 c5 4. b4 cxb4 5. a3 Nc6 6. d4 Nh6 7. axb4 Bxb4+ 8. c3 Bf8 9. Bd3 Nf5 10. 0-0 Bd7 11. Bxf5 exf5 12. Qb3 Be6 13. Qxb7 Qc8 14. Qb5 Rb8 15. Qd3 h6 16. Ba3 Bxa3 17. Nxa3 0-0 18. Nb5 Qd7 19. Nd6 a5 20. Nd2 Ra8 21. Nb3 f4 22. Nc5 Qe7 23. Qb5 Nd8 24. f3 f6 25. Rfd1 Nf7 26. Nxf7 Qxf7 27. Qc6 Rfe8 28. exf6 Qxf6 29. Rxa5 Bf7 30. Qxa8 Rxa8 31. Rxa8+ Kh7 32. Re1 Qf5 33. h3 Qc2 34. Ra3 Qd2 35. Rea1 Be8 36. Kh1 Qe3 37. Rb3 Bh5 38. Rf1 Bg6 39. Nd7 Bd3 40. Ra1 Kg6 41. Ne5+ Kh5 42. Rb7 g6 43. Rh7 g5 44. Rxh6+ Kxh6 45. Ng4+ Kg6 46. Nxe3 fxe3 47. Re1 e2 48. Kg1 Kf5 49. Kf2 1-0

[Event "Polanica Zdroj op-C 56th"]
[Site "Polanica Zdroj"]
[Date "2020.08.19"]
[Round "5"]
[White "Komendecki, Jacek"]
[Black "Janzer, Hubert"]
[Result "1-0"]
[WhiteElo "2024"]
[BlackElo "1893"]
[PlyCount "83"]
[EventDate "2020.08.15"]
[EventType "swiss"]
[EventRounds "9"]
[EventCountry "POL"]
[SourceTitle "CBM 198 Extra"]
[Source "ChessBase"]
[SourceDate "2020.11.30"]
[SourceVersion "1"]
[SourceVersionDate "2020.11.30"]
[SourceQuality "1"]

1. e4 e6 2. d4 d5 3. e5 c5 4. c3 Nc6 5. Nf3 Qb6 6. a3 Nh6 7. b4 cxd4 8. cxd4 Nf5 9. Be3 Be7 10. Bd3 f6 11. exf6 Bxf6 12. Bxf5 exf5 13. Nc3 Be6 14. 0-0 0-0 15. Na4 Qd8 16. Nc5 Bc8 17. Ra2 f4 18. Bc1 b6 19. Nb3 Ba6 20. Re1 Qd6 21. Rd2 Bc4 22. Bb2 Rae8 23. Nc1 g5 24. Nd3 Rxe1+ 25. Qxe1 g4 26. Nfe5 Bxe5 27. Nxe5 Qe6 28. Qd1 Nxe5 29. dxe5 f3 30. Rd4 Rf7 31. Qd2 Qf5 32. Bc1 fxg2 33. Kxg2 Qf3+ 34. Kg1 Rf5 35. e6 Qe2 36. Qxe2 Bxe2 37. Bf4 Kg7 38. Bd6 Kf6 39. e7 Kf7 40. Rd2 Bf3 41. Rc2 Rf6 42. Rc8 1-0

[Event "Polanica Zdroj op-C 56th"]
[Site "Polanica Zdroj"]
[Date "2020.08.18"]
[Round "4"]
[White "Janzer, Hubert"]
[Black "Raczek, Krzysztof"]
[Result "1-0"]
[WhiteElo "1893"]
[BlackElo "1712"]
[PlyCount "117"]
[EventDate "2020.08.15"]
[EventType "swiss"]
[EventRounds "9"]
[EventCountry "POL"]
[SourceTitle "CBM 198 Extra"]
[Source "ChessBase"]
[SourceDate "2020.11.30"]
[SourceVersion "1"]
[SourceVersionDate "2020.11.30"]
[SourceQuality "1"]

1. d4 Nf6 2. Bf4 g6 3. Nc3 d5 4. e3 Bg7 5. h4 c6 6. Nf3 Bg4 7. Be2 h5 8. Ne5 Bxe2 9. Qxe2 Nfd7 10. Nd3 Nb6 11. 0-0-0 N8d7 12. g4 hxg4 13. Qxg4 Nf6 14. Qg2 Nc4 15. Rdg1 Qa5 16. a4 Nh5 17. Bh2 Qd8 18. b3 Nd6 19. Ne2 Nf5 20. Be5 Bxe5 21. Nxe5 Qd6 22. Kb2 Rh7 23. c4 0-0-0 24. cxd5 cxd5 25. Rc1+ Kb8 26. Rc5 Nf6 27. Nf4 e6 28. Nfd3 Ne4 29. Rc2 a6 30. Nc5 Nxc5 31. Rxc5 Qe7 32. Rhc1 Nxh4 33. Qh2 Qd6 34. Rc8+ Ka7 35. R8c7 Ka8 36. R1c6 bxc6 37. Nxc6 f6 38. Rc8+ Rxc8 39. Qg3 Qf4 40. Qxf4 Rd7 41. Qd6 Rdc7 42. Nb4 a5 43. Qa6+ Kb8 44. Qb6+ Rb7 45. Nc6+ Rxc6 46. Qxc6 Nf3 47. Qxe6 Nd2 48. Qd6+ Ka8 49. Qxd5 Nxb3 50. Kc3 Ka7 51. Qe6 Rb6 52. Qe7+ Ka6 53. d5 Nc1 54. d6 Na2+ 55. Kc4 Rc6+ 56. Kd4 Nb4 57. d7 Rc7 58. Qd6+ Nc6+ 59. Kd5 1-0

[Event "Polanica Zdroj op-C 56th"]
[Site "Polanica Zdroj"]
[Date "2020.08.15"]
[Round "1"]
[White "Siekanska, Zuzanna"]
[Black "Janzer, Hubert"]
[Result "0-1"]
[WhiteElo "1680"]
[BlackElo "1893"]
[PlyCount "118"]
[EventDate "2020.08.15"]
[EventType "swiss"]
[EventRounds "9"]
[EventCountry "POL"]
[SourceTitle "CBM 198 Extra"]
[Source "ChessBase"]
[SourceDate "2020.11.30"]
[SourceVersion "1"]
[SourceVersionDate "2020.11.30"]
[SourceQuality "1"]

1. d4 Nf6 2. c4 c5 3. d5 b5 4. Nf3 d6 5. Qc2 g6 6. e4 Bg7 7. h3 0-0 8. Bf4 Nfd7 9. Nc3 bxc4 10. Bxc4 Nb6 11. Be2 N8d7 12. 0-0 f5 13. exf5 Rxf5 14. Bg3 Ne5 15. Bxe5 dxe5 16. Ne4 Bb7 17. Rfd1 Bxd5 18. Qxc5 e6 19. Qe3 Qf8 20. Ng3 Bh6 21. Qa3 Rf4 22. Rf1 Qxa3 23. bxa3 Rc8 24. Nxe5 Ra4 25. Bf3 Rxa3 26. Bxd5 exd5 27. Ng4 Bd2 28. Ne2 Rc2 29. Nd4 Rcxa2 30. Rad1 Nc4 31. Ne6 Kf7 32. Nc7 Ra5 33. Rb1 Rb2 34. Ne5+ Kf6 35. Nxc4 Rxb1 36. Nxd5+ Rxd5 37. Rxb1 Bf4 38. g3 Bc7 39. Ra1 a5 40. Kg2 Rc5 41. Ra4 Ke6 42. Kf3 Kd5 43. Ne3+ Kc6 44. Rh4 h5 45. Re4 Kb5 46. Ke2 a4 47. Kd3 a3 48. Nc2 a2 49. Re1 Be5 50. Na1 Ka4 51. f4 Bb2 52. g4 Rc3+ 53. Kd2 Rc4 54. gxh5 gxh5 55. f5 Bxa1 56. Rxa1 Kb3 57. Kd3 Rf4 58. Re1 Rxf5 59. Ke4 Rf2 0-1

[Event "Rubinstein Memorial-C 55th"]
[Site "Polanica Zdroj"]
[Date "2019.08.22"]
[Round "6"]
[White "Obrochta, Lena"]
[Black "Janzer, Hubert"]
[Result "0-1"]
[WhiteElo "1870"]
[BlackElo "1803"]
[PlyCount "86"]
[EventDate "2019.08.17"]
[EventType "swiss"]
[EventRounds "9"]
[EventCountry "POL"]
[SourceTitle "EXT 2020"]
[Source "ChessBase"]
[SourceDate "2019.10.17"]
[SourceVersion "1"]
[SourceVersionDate "2019.10.17"]
[SourceQuality "1"]

1. e4 e6 2. d4 d5 3. Nd2 Nf6 4. e5 Nfd7 5. Bd3 c5 6. c3 Nc6 7. Ne2 cxd4 8. cxd4 f6 9. exf6 Nxf6 10. Nf3 Bd6 11. 0-0 Qc7 12. Ng3 0-0 13. Bg5 h6 14. Bxf6 Rxf6 15. Rc1 Bd7 16. Re1 Raf8 17. Bb1 Be8 18. Nh4 g5 19. Nf3 Bxg3 20. hxg3 Bh5 21. Qd3 Bg6 22. Qd2 Bxb1 23. Rxb1 Qg7 24. Ne5 Rxf2 25. Qxf2 Rxf2 26. Kxf2 Nxd4 27. Kg1 Nf5 28. Nf3 g4 29. Ne5 Nxg3 30. Kh2 Ne4 31. Nd3 g3+ 32. Kh1 Qd4 33. Red1 Qf6 34. Rdc1 Qh4+ 35. Kg1 Qh2+ 36. Kf1 Qh1+ 37. Ke2 Qxg2+ 38. Ke3 Qd2+ 39. Kd4 e5+ 40. Kxe5 Qxd3 41. Rc8+ Kg7 42. Rbc1 Nf6 43. R1c7+ Kg6 0-1

[Event "Polanica Zdroj op-B 46th"]
[Site "Polanica Zdroj"]
[Date "2010.08.26"]
[Round "9"]
[White "Wozniak, Mariola"]
[Black "Janzer, Hubert"]
[Result "0-1"]
[WhiteElo "1722"]
[BlackElo "1896"]
[PlyCount "36"]
[EventDate "2010.08.18"]
[EventType "swiss"]
[EventRounds "9"]
[EventCountry "POL"]
[SourceTitle "CBM 138 Extra"]
[Source "ChessBase"]
[SourceDate "2010.10.29"]
[SourceVersion "1"]
[SourceVersionDate "2010.10.29"]
[SourceQuality "1"]

1. e4 e5 2. Nf3 Nc6 3. d4 exd4 4. Nxd4 Bc5 5. Nb3 Bb6 6. Nc3 d6 7. Qe2 Be6 8. f4 Bxb3 9. axb3 Nd4 10. Qd3 c6 11. Na4 Nf6 12. Bd2 0-0 13. Nxb6 Qxb6 14. Ba5 Qc5 15. b4 Nxc2+ 16. Kd1 Nxb4 17. Qb3 Qd4+ 18. Kc1 Qxe4 0-1

[Event "Polanica Zdroj op-B 46th"]
[Site "Polanica Zdroj"]
[Date "2010.08.25"]
[Round "8"]
[White "Janzer, Hubert"]
[Black "Smieszek, Wojciech"]
[Result "1-0"]
[WhiteElo "1896"]
[BlackElo "1652"]
[PlyCount "57"]
[EventDate "2010.08.18"]
[EventType "swiss"]
[EventRounds "9"]
[EventCountry "POL"]
[SourceTitle "CBM 138 Extra"]
[Source "ChessBase"]
[SourceDate "2010.10.29"]
[SourceVersion "1"]
[SourceVersionDate "2010.10.29"]
[SourceQuality "1"]

1. e4 c5 2. Nf3 e6 3. d4 cxd4 4. Nxd4 a6 5. Bd3 Bc5 6. Nb3 Ba7 7. Qg4 Nf6 8. Qg3 d6 9. Nc3 Nc6 10. Bg5 Ne5 11. 0-0-0 Qb6 12. Be3 Qd8 13. Bxa7 Rxa7 14. f4 Nxd3+ 15. Rxd3 0-0 16. e5 Ne8 17. exd6 b5 18. Rhd1 Bd7 19. Qf2 Ra8 20. g4 a5 21. Qd4 Ra6 22. Nc5 Rxd6 23. Qe3 Qc7 24. Nxd7 Qxd7 25. Rxd6 Nxd6 26. Qd4 Rd8 27. Qc5 Kf8 28. Ne4 f5 29. Rxd6 1-0

[Event "Polanica Zdroj op-B 46th"]
[Site "Polanica Zdroj"]
[Date "2010.08.20"]
[Round "3"]
[White "Lewtak, Dominik"]
[Black "Janzer, Hubert"]
[Result "1/2-1/2"]
[WhiteElo "1631"]
[BlackElo "1896"]
[PlyCount "89"]
[EventDate "2010.08.18"]
[EventType "swiss"]
[EventRounds "9"]
[EventCountry "POL"]
[SourceTitle "CBM 138 Extra"]
[Source "ChessBase"]
[SourceDate "2010.10.29"]
[SourceVersion "1"]
[SourceVersionDate "2010.10.29"]
[SourceQuality "1"]

1. e4 e5 2. Nf3 Nc6 3. Bb5 a6 4. Ba4 Nf6 5. 0-0 Bc5 6. Re1 0-0 7. c3 d6 8. d4 exd4 9. cxd4 Bb4 10. Bd2 Bxd2 11. Nbxd2 Bg4 12. Qc2 Ne7 13. Bb3 Bh5 14. Rac1 Rc8 15. Qb1 c5 16. Bc2 Bg6 17. e5 Nfd5 18. Bxg6 Nxg6 19. exd6 Qxd6 20. Ne4 Qf4 21. Rxc5 Rxc5 22. Nxc5 Qc7 23. Qe4 Nf6 24. Qxb7 Qxb7 25. Nxb7 Rb8 26. Nc5 Rxb2 27. Nxa6 Rxa2 28. Nc5 h6 29. h3 Rc2 30. Nd3 Nd5 31. Rc1 Ra2 32. Nde5 Nxe5 33. dxe5 Nf4 34. Rd1 Kf8 35. Nd4 Ke7 36. Nf5+ Ke6 37. Nxg7+ Kxe5 38. Re1+ Kf6 39. Ne8+ Kg6 40. Nd6 Nd3 41. Rf1 Nf4 42. Kh2 h5 43. g3 Nd5 44. Kg1 h4 45. gxh4 1/2-1/2

[Event "Pilzno op 4th"]
[Site "Pilzno"]
[Date "2010.06.03"]
[Round "2"]
[White "Janzer, Hubert"]
[Black "Lewicki, Miroslaw"]
[Result "0-1"]
[WhiteElo "1922"]
[BlackElo "2094"]
[PlyCount "36"]
[EventDate "2010.06.03"]
[EventType "swiss"]
[EventRounds "7"]
[EventCountry "POL"]
[SourceTitle "CBM 136 Extra"]
[Source "ChessBase"]
[SourceDate "2010.07.02"]
[SourceVersion "2"]
[SourceVersionDate "2010.07.15"]
[SourceQuality "1"]

1. e4 c5 2. Nf3 d6 3. d4 cxd4 4. Nxd4 Nf6 5. Nc3 g6 6. Be2 Bg7 7. Be3 0-0 8. g4 Nc6 9. h4 d5 10. Nxc6 bxc6 11. e5 Nd7 12. f4 e6 13. h5 c5 14. Nb5 Ba6 15. c3 d4 16. Bd2 d3 17. Bxd3 Nxe5 18. Be2 Nd3+ 0-1

[Event "Pilzno Omega Cup 5th"]
[Site "Pilzno"]
[Date "2009.05.03"]
[Round "7.4"]
[White "Jelen, Janusz"]
[Black "Janzer, Hubert"]
[Result "0-1"]
[WhiteElo "1966"]
[BlackElo "1948"]
[PlyCount "50"]
[EventDate "2009.04.30"]
[EventType "swiss"]
[EventRounds "7"]
[EventCountry "POL"]
[SourceTitle "EXT 2023"]
[Source "ChessBase"]
[SourceDate "2022.10.05"]
[SourceVersion "1"]
[SourceVersionDate "2022.10.05"]
[SourceQuality "1"]

1. c4 e5 2. Nc3 Nc6 3. Nf3 f5 4. e4 Bc5 5. exf5 Nf6 6. Nxe5 Qe7 7. f4 d6 8. Nd5 Nxd5 9. cxd5 Nb4 10. Qh5+ Kd8 11. Kd1 dxe5 12. Bb5 Bd7 13. Bxd7 Kxd7 14. fxe5 Rae8 15. d4 Bxd4 16. e6+ Kc8 17. Bg5 Bf6 18. Bxf6 Qxf6 19. Qg4 Nxd5 20. Kc1 Rhf8 21. Rf1 Rxe6 22. fxe6 Qxf1+ 23. Kc2 Ne3+ 24. Kd2 Qf2+ 25. Qe2 Rd8+ 0-1

[Event "Pilzno Omega Cup 5th"]
[Site "Pilzno"]
[Date "2009.05.02"]
[Round "6.3"]
[White "Janzer, Hubert"]
[Black "Lipski, Tadeusz"]
[Result "0-1"]
[WhiteElo "1948"]
[BlackElo "2174"]
[PlyCount "42"]
[EventDate "2009.04.30"]
[EventType "swiss"]
[EventRounds "7"]
[EventCountry "POL"]
[SourceTitle "EXT 2023"]
[Source "ChessBase"]
[SourceDate "2022.10.05"]
[SourceVersion "1"]
[SourceVersionDate "2022.10.05"]
[SourceQuality "1"]

1. e4 e5 2. Nc3 f5 3. exf5 Nf6 4. g4 Bc5 5. g5 0-0 6. gxf6 Qxf6 7. Bh3 d5 8. Nxd5 Qh4 9. Qf3 Nc6 10. c3 Bd7 11. b4 Bd6 12. d3 Rae8 13. Qe4 Qh5 14. Bg4 Qf7 15. Be3 Nd4 16. 0-0-0 Nxf5 17. Bc5 b6 18. Bxd6 Nxd6 19. Qg2 Bxg4 20. Qxg4 Qxd5 21. Nh3 Qxa2 0-1

[Event "Pilzno Omega Cup 5th"]
[Site "Pilzno"]
[Date "2009.05.01"]
[Round "3.5"]
[White "Markiewicz, Mateusz"]
[Black "Janzer, Hubert"]
[Result "0-1"]
[WhiteElo "1984"]
[BlackElo "1948"]
[PlyCount "56"]
[EventDate "2009.04.30"]
[EventType "swiss"]
[EventRounds "7"]
[EventCountry "POL"]
[SourceTitle "EXT 2023"]
[Source "ChessBase"]
[SourceDate "2022.10.05"]
[SourceVersion "1"]
[SourceVersionDate "2022.10.05"]
[SourceQuality "1"]

1. e4 e5 2. g3 Bc5 3. Bg2 d6 4. c3 Nc6 5. Ne2 Bg4 6. f3 Qf6 7. d4 exd4 8. e5 dxe5 9. fxg4 d3 10. Rf1 dxe2 11. Qxe2 Qe6 12. Nd2 f6 13. Nb3 Bb6 14. c4 Qd6 15. c5 Bxc5 16. Nxc5 Qxc5 17. Be3 Qb4+ 18. Kf2 Nge7 19. a3 Qb3 20. g5 0-0 21. Kg1 f5 22. Bc5 e4 23. g6 hxg6 24. Rac1 Rf7 25. Qf2 Ne5 26. Bxe4 b6 27. Bxb6 cxb6 28. Rc6 Re8 0-1